Random Objects by Picture #18 - Statistics

General Stats
  • This quiz has been taken 9 times
  • The average score is 7 of 18
Answer Stats
Picture Answer % Correct
Leopard
100%
Mammoth
100%
Kitten
89%
Puppy
89%
Cat
78%
Elephant Seal
67%
Reindeer
67%
Sea Lion
56%
Seal
44%
Agama
0%
Bushpig
0%
Columbian Mammoth
0%
Dinofelis
0%
Scimitar Oryx
0%
Steller's Sea Eagle
0%
Striped Hyena
0%
White Mammoth
0%
White Raven
0%
No matching quizzes found
Score Distribution
Percent of People with Each Score
Percentile by Number Answered
Your Score History
You have not taken this quiz